[Event "XL Obert Internacional Ciutat de Badalona-Memorial"]
[Site "Centro Civico La Salut, Av. Marques de Sant Mori s"]
[Date "2014.08.06"]
[Round "5"]
[Board "6"]
[White "Huerga Leache, Mikel"]
[Black "Piasetski, Leon"]
[Result "1-0"]
[WhiteElo "2457"]
[BlackElo "2274"]
[PlyCount "79"]
[EventDate "2014.08.02"]
[EventRounds "9"]
[EventCountry "ESP"]

1. e4 Nf6 2. e5 Nd5 3. d4 d6 4. c4 Nb6 5. exd6 exd6 6. Nc3 Nc6 7. Be3 Be7 8.
Bd3 O-O 9. b3 Bg5 10. Qh5 h6 11. Bxg5 Qxg5 12. Qxg5 hxg5 13. Nge2 Nb4 14. Bb1
a5 15. a3 Na6 16. Bd3 Be6 17. O-O-O d5 18. c5 Nd7 19. h4 g4 20. Nf4 c6 21. Rde1
Nc7 22. h5 Rfe8 23. Na4 Rab8 24. Kb2 Nf8 25. Kc3 Bd7 26. Nb6 Na8 27. b4 Nxb6
28. cxb6 axb4+ 29. Kxb4 Ne6 30. Nxe6 Bxe6 31. a4 Kf8 32. a5 Ke7 33. Kc5 Kd7 34.
Ra1 Ra8 35. a6 bxa6 36. Bxa6 Reb8 37. Bd3 Ke7 38. Ra7+ Bd7 39. Rha1 Rxa7 40.
bxa7 1-0

[Event "XL Obert Internacional Ciutat de Badalona-Memorial"]
[Site "Centro Civico La Salut, Av. Marques de Sant Mori s"]
[Date "2014.08.06"]
[Round "5"]
[Board "7"]
[White "Vidarte Morales, Arturo"]
[Black "Munoz Pantoja, Miguel"]
[Result "1/2-1/2"]
[WhiteElo "2326"]
[BlackElo "2451"]
[PlyCount "36"]
[EventDate "2014.08.02"]
[EventRounds "9"]
[EventCountry "ESP"]

1. d4 c5 2. d5 Nf6 3. c4 e6 4. Nc3 exd5 5. cxd5 d6 6. e4 a6 7. a4 g6 8. Bd3 Bg7
9. h3 O-O 10. Nge2 Nbd7 11. O-O Qc7 12. Ng3 c4 13. Be2 Nc5 14. Bxc4 Ncxe4 15.
Ngxe4 Nxe4 16. Nxe4 Qxc4 17. Nxd6 Qb4 18. Nxc8 Raxc8 1/2-1/2

[Event "XL Obert Internacional Ciutat de Badalona-Memorial"]
[Site "Centro Civico La Salut, Av. Marques de Sant Mori s"]
[Date "2014.08.06"]
[Round "5"]
[Board "8"]
[White "Vehi Bach, Victor Manuel"]
[Black "Perez Mitjans, Orelvis"]
[Result "0-1"]
[WhiteElo "2316"]
[BlackElo "2435"]
[PlyCount "137"]
[EventDate "2014.08.02"]
[EventRounds "9"]
[EventCountry "ESP"]

1. e4 e6 2. d4 d5 3. Nc3 Bb4 4. e5 c5 5. a3 Bxc3+ 6. bxc3 Qa5 7. Bd2 Qa4 8. Qb1
c4 9. Ne2 f6 10. exf6 Nxf6 11. g3 Nc6 12. Bg2 Bd7 13. O-O O-O-O 14. Bf4 Rhg8
15. h4 h6 16. Qc1 Rdf8 17. f3 Rf7 18. g4 Nh7 19. Bg3 g5 20. h5 Nf6 21. Ra2 Qa5
22. a4 Re8 23. Qa3 b6 24. Rb1 Kb7 25. Qd6 Ka8 26. Rb5 Qa6 27. Rb1 Na5 28. Be5
Bc6 29. Re1 Qc8 30. Raa1 Qd8 31. Qa3 Qd7 32. Qb4 Qd8 33. Qa3 Qd7 34. Qb4 Rd8
35. Qa3 Ne8 36. Rf1 Nf6 37. Rae1 Rg8 38. Qb4 Ne8 39. Qa3 Qe7 40. Qb2 Nf6 41.
Qb4 Ne8 42. Qb2 Bb7 43. Bg3 Nf6 44. Qb4 Nd7 45. Bd6 Qf6 46. Bg3 Nc6 47. Qd6 Qe7
48. Qc7 Qf8 49. Qd6 Qxd6 50. Bxd6 Nf6 51. Bg3 Bc8 52. Bd6 Bd7 53. Bb4 a5 54.
Bd6 Ne8 55. Bg3 Kb7 56. Kh2 Ka8 57. f4 Nf6 58. Bh3 Rfg7 59. Rg1 Be8 60. Rd1 Nd8
61. fxg5 hxg5 62. Rde1 Ne4 63. Be5 Rf7 64. Ref1 Rxf1 65. Rxf1 Nf7 66. Bg2 Nxe5
67. dxe5 Nc5 68. Nd4 Bxa4 69. Rf6 0-1

[Event "XL Obert Internacional Ciutat de Badalona-Memorial"]
[Site "Centro Civico La Salut, Av. Marques de Sant Mori s"]
[Date "2014.08.06"]
[Round "5"]
[Board "9"]
[White "Kohlweyer, Bernd"]
[Black "Aryan, Chopra"]
[Result "1-0"]
[WhiteElo "2422"]
[BlackElo "2246"]
[PlyCount "69"]
[EventDate "2014.08.02"]
[EventRounds "9"]
[EventCountry "ESP"]

1. d4 d5 2. c4 c6 3. Nf3 Nf6 4. g3 e6 5. Bg2 Nbd7 6. O-O dxc4 7. Nc3 Be7 8. e4
b5 9. d5 b4 10. dxe6 fxe6 11. e5 Nd5 12. Ne4 O-O 13. Qc2 Rxf3 14. Bxf3 Nxe5 15.
Bg2 Ba6 16. Rd1 Qb6 17. b3 c3 18. a3 h6 19. axb4 Bxb4 20. Ba3 c5 21. Nxc5 Qxc5
22. Rxd5 exd5 23. Bxb4 Qxb4 24. Bxd5+ Kh8 25. Bxa8 Bd3 26. Qc1 Qxb3 27. Ra3 Qb8
28. Rxc3 Kh7 29. Bg2 Bg6 30. h3 a5 31. Qe3 Qb1+ 32. Kh2 Nd7 33. Rc7 Nf6 34. Qd4
Ne8 35. Re7 1-0

[Event "XL Obert Internacional Ciutat de Badalona-Memorial"]
[Site "Centro Civico La Salut, Av. Marques de Sant Mori s"]
[Date "2014.08.06"]
[Round "5"]
[Board "10"]
[White "Silva Rodriguez, Julio"]
[Black "Palit, Somak"]
[Result "0-1"]
[WhiteElo "2210"]
[BlackElo "2397"]
[PlyCount "76"]
[EventDate "2014.08.02"]
[EventRounds "9"]
[EventCountry "ESP"]

1. e4 c5 2. Nf3 Nf6 3. Nc3 Nc6 4. d4 d5 5. exd5 Nxd5 6. Bc4 Nxc3 7. bxc3 e6 8.
O-O Be7 9. Be3 O-O 10. Qe2 cxd4 11. cxd4 b6 12. Rfd1 Qc7 13. Bb3 Bb7 14. c4 Na5
15. Ne5 Bd6 16. Bd2 Nc6 17. Nf3 e5 18. d5 Ne7 19. Ng5 Bc8 20. Ne4 Bf5 21. Nxd6
Qxd6 22. Bc3 Ng6 23. a4 Rfe8 24. Re1 Nf4 25. Qf3 Qg6 26. Rxe5 Rxe5 27. Bxe5 Be4
28. Bc2 Bxf3 29. Bxg6 Nxg6 30. Bc7 Rc8 31. d6 Bc6 32. a5 Ne5 33. axb6 axb6 34.
Rc1 Nd7 35. f4 Ra8 36. Rb1 Ra4 37. Bxb6 Nxb6 38. Rxb6 Rxc4 0-1

[Event "XL Obert Internacional Ciutat de Badalona-Memorial"]
[Site "Centro Civico La Salut, Av. Marques de Sant Mori s"]
[Date "2014.08.07"]
[Round "6"]
[Board "1"]
[White "Grigoryan, Karen H."]
[Black "Lopez Martinez, Josep Manuel"]
[Result "1-0"]
[WhiteElo "2595"]
[BlackElo "2549"]
[PlyCount "113"]
[EventDate "2014.08.02"]
[EventRounds "9"]
[EventCountry "ESP"]

1. d4 Nf6 2. c4 g6 3. Nf3 Bg7 4. g3 c5 5. Nc3 cxd4 6. Nxd4 O-O 7. Bg2 Nc6 8.
O-O Qa5 9. Nb3 Qh5 10. c5 d6 11. cxd6 exd6 12. e4 Be6 13. Qxh5 Nxh5 14. Rd1
Rfd8 15. Bg5 Rd7 16. Rac1 Nf6 17. Nd5 Ne8 18. Rd2 h6 19. Be3 Nf6 20. Nxf6+ Bxf6
21. Bxh6 a5 22. Rcd1 a4 23. Nc1 g5 24. f4 gxf4 25. Bxf4 Ne5 26. Rc2 Kg7 27. Bf1
Ra5 28. Be2 Rc5 29. Rxc5 dxc5 30. Rxd7 Nxd7 31. b3 axb3 32. axb3 Bd4+ 33. Kg2
Nf6 34. Bd3 Bb2 35. Bc2 b5 36. Nd3 Bd4 37. Be5 Bxe5 38. Nxe5 Nd7 39. Nxd7 Bxd7
40. Kf3 Be6 41. e5 b4 42. g4 f6 43. exf6+ Kxf6 44. h4 c4 45. bxc4 Bxc4 46. g5+
Kg7 47. h5 b3 48. Bb1 Bg8 49. Ke3 Bf7 50. h6+ Kg8 51. Kd4 Be6 52. g6 Bg4 53.
Ke5 Bh5 54. g7 Bg6 55. Bxg6 b2 56. Kf6 b1=Q 57. h7# 1-0

[Event "XL Obert Internacional Ciutat de Badalona-Memorial"]
[Site "Centro Civico La Salut, Av. Marques de Sant Mori s"]
[Date "2014.08.07"]
[Round "6"]
[Board "2"]
[White "Palit, Somak"]
[Black "Huerga Leache, Mikel"]
[Result "1-0"]
[WhiteElo "2397"]
[BlackElo "2457"]
[PlyCount "143"]
[EventDate "2014.08.02"]
[EventRounds "9"]
[EventCountry "ESP"]

1. e4 e6 2. d4 d5 3. Nc3 Bb4 4. Nge2 Nf6 5. Bg5 h6 6. Bxf6 Qxf6 7. a3 Ba5 8. b4
Bb6 9. exd5 O-O 10. Qd3 e5 11. Ne4 Qe7 12. c4 Bxd4 13. Nxd4 exd4 14. Be2 Bf5
15. f3 a5 16. O-O axb4 17. axb4 Rxa1 18. Rxa1 Qxb4 19. Rb1 Bxe4 20. fxe4 Qc5
21. Rxb7 Nd7 22. Rb5 Qa7 23. c5 Qa4 24. Qd1 Qa3 25. Qxd4 Qc1+ 26. Bf1 Ra8 27.
c6 Nf6 28. e5 Nh5 29. Rc5 Qe1 30. d6 g5 31. dxc7 Nf4 32. Qf2 Qxf2+ 33. Kxf2 Rc8
34. g3 Ng6 35. Rb5 Rxc7 36. Bg2 Ra7 37. Bd5 Nxe5 38. Rb7 Nxc6 39. Bxc6 Ra2+ 40.
Ke3 Rxh2 41. Bd5 h5 42. Rxf7 Kh8 43. Rd7 Rc2 44. Be4 Rc3+ 45. Kf2 Rc4 46. Bd3
Rc3 47. Ke3 h4 48. g4 Rc5 49. Kd4 Rc8 50. Rh7+ Kg8 51. Rh5 Kf7 52. Rxg5 Rh8 53.
Be4 h3 54. Ke3 h2 55. Bh1 Kf6 56. Rf5+ Kg6 57. Kf2 Rb8 58. Kg3 Rh8 59. Rf1 Kg5
60. Bf3 Rd8 61. Rh1 Rd3 62. Rxh2 Ra3 63. Rh5+ Kg6 64. Kf4 Kg7 65. Be4 Ra1 66.
Kg5 Ra5+ 67. Bf5 Ra6 68. Rh7+ Kg8 69. Rb7 Rc6 70. Bg6 Kh8 71. Kh6 Rc8 72. Rh7+
 1-0

[Event "XL Obert Internacional Ciutat de Badalona-Memorial"]
[Site "Centro Civico La Salut, Av. Marques de Sant Mori s"]
[Date "2014.08.07"]
[Round "6"]
[Board "3"]
[White "Perez Mitjans, Orelvis"]
[Black "Martinez Alcantara, Jose Eduardo"]
[Result "1/2-1/2"]
[WhiteElo "2435"]
[BlackElo "2379"]
[PlyCount "69"]
[EventDate "2014.08.02"]
[EventRounds "9"]
[EventCountry "ESP"]

1. e4 e6 2. d4 d5 3. Nc3 Nf6 4. e5 Nfd7 5. f4 c5 6. Nf3 Nc6 7. Be3 a6 8. Qd2 b5
9. dxc5 Bxc5 10. O-O-O Qb6 11. Bxc5 Nxc5 12. Bd3 b4 13. Ne2 a5 14. Ned4 Ba6 15.
Bxa6 Qxa6 16. f5 O-O-O 17. Rhf1 Rd7 18. Qg5 g6 19. g4 Nxd4 20. Nxd4 Kb7 21. Qe3
Ne4 22. fxe6 fxe6 23. Rf4 Rc8 24. Qd3 g5 25. Qxa6+ Kxa6 26. Rf3 Rdc7 27. Rdf1
Rc4 28. Rd3 R4c7 29. a3 bxa3 30. Rxa3 Rc4 31. Rd1 Nf2 32. Rd2 Ne4 33. Rd1 Nf2
34. Rd2 Ne4 35. Rd1 1/2-1/2

[Event "XL Obert Internacional Ciutat de Badalona-Memorial"]
[Site "Centro Civico La Salut, Av. Marques de Sant Mori s"]
[Date "2014.08.07"]
[Round "6"]
[Board "4"]
[White "Akshat, Khamparia"]
[Black "Kohlweyer, Bernd"]
[Result "1/2-1/2"]
[WhiteElo "2362"]
[BlackElo "2422"]
[PlyCount "49"]
[EventDate "2014.08.02"]
[EventRounds "9"]
[EventCountry "ESP"]

1. d4 Nf6 2. c4 e6 3. Nc3 Bb4 4. f3 d5 5. a3 Be7 6. e4 c5 7. e5 Nfd7 8. cxd5
exd5 9. f4 cxd4 10. Qxd4 Nb6 11. Nf3 O-O 12. Be2 Nc6 13. Qd1 Be6 14. O-O f6 15.
Nb5 fxe5 16. fxe5 Nc4 17. Kh1 N4xe5 18. Nxe5 Nxe5 19. Rxf8+ Bxf8 20. Bf4 Ng6
21. Bg3 Bf7 22. Rc1 Qb6 23. Rc7 Re8 24. Qf1 Re7 25. Rc2 1/2-1/2

[Event "XL Obert Internacional Ciutat de Badalona-Memorial"]
[Site "Centro Civico La Salut, Av. Marques de Sant Mori s"]
[Date "2014.08.07"]
[Round "6"]
[Board "5"]
[White "Munoz Pantoja, Miguel"]
[Black "Sagar, Shah"]
[Result "1-0"]
[WhiteElo "2451"]
[BlackElo "2339"]
[PlyCount "181"]
[EventDate "2014.08.02"]
[EventRounds "9"]
[EventCountry "ESP"]

1. e4 c6 2. Nc3 d5 3. Nf3 Bg4 4. Be2 Nf6 5. e5 Nfd7 6. d4 e6 7. O-O Be7 8. Ne1
Bxe2 9. Nxe2 c5 10. c3 Nc6 11. Be3 O-O 12. f4 g6 13. g4 f6 14. Nf3 Qb6 15. Qd2
cxd4 16. cxd4 f5 17. gxf5 gxf5 18. Ng5 Na5 19. b3 Bb4 20. Qd3 h6 21. Nf3 Qa6
22. Qxa6 bxa6 23. Bd2 Bxd2 24. Nxd2 Rac8 25. Rac1 Kf7 26. Kf2 Nc6 27. a3 a5 28.
Rc3 Ne7 29. Rfc1 Rxc3 30. Rxc3 Rc8 31. Rxc8 Nxc8 32. Nc3 Ncb6 33. Nb5 a6 34.
Nd6+ Ke7 35. a4 Nb8 36. Nf3 N6d7 37. Nh4 Nf8 38. Ke3 Nc6 39. Kd3 Nb4+ 40. Kd2
Nc6 41. Kc3 Kd7 42. Nb7 Kc7 43. Nc5 Kb6 44. Ng2 Ne7 45. h4 h5 46. Nd3 Ng8 47.
Nc1 Nh6 48. Ne2 Ng4 49. Ng3 Nf2 50. Nxh5 Ne4+ 51. Kd3 Kc6 52. Ke3 Kd7 53. Nf6+
Nxf6 54. exf6 Ke8 55. Ne1 Kf7 56. Nd3 Kxf6 57. Nc5 Ng6 58. h5 Ne7 59. Nxa6 Nc6
60. Kd3 Kg7 61. Kc3 Kh6 62. b4 axb4+ 63. Nxb4 Na7 64. Nd3 Kxh5 65. Ne5 Kh4 66.
Kb4 Kg3 67. Ng6 Kf3 68. Kc5 Ke4 69. a5 Nc8 70. a6 Ke3 71. Ne7 Nxe7 72. a7 Ng6
73. a8=Q Nxf4 74. Qh8 Nd3+ 75. Kd6 f4 76. Kxe6 f3 77. Kxd5 Nf4+ 78. Kc4 f2 79.
Qh1 Ne2 80. Qh3+ Kd2 81. d5 Ke1 82. d6 f1=Q 83. Qxf1+ Kxf1 84. d7 Kg2 85. d8=Q
Ng3 86. Kd3 Kf2 87. Qd5 Kg1 88. Qf3 Kh2 89. Ke3 Nh1 90. Qg4 Ng3 91. Kf3 1-0

[Event "XL Obert Internacional Ciutat de Badalona-Memorial"]
[Site "Centro Civico La Salut, Av. Marques de Sant Mori s"]
[Date "2014.08.07"]
[Round "6"]
[Board "6"]
[White "Lorenzo De La Riva, Lazaro"]
[Black "Gomez Garrido, Camilo Ernesto"]
[Result "1/2-1/2"]
[WhiteElo "2415"]
[BlackElo "2496"]
[PlyCount "57"]
[EventDate "2014.08.02"]
[EventRounds "9"]
[EventCountry "ESP"]

1. d4 d5 2. c4 c6 3. Nf3 Nf6 4. Nc3 a6 5. g3 e6 6. Bg2 dxc4 7. a4 c5 8. O-O Nc6
9. Ne5 Na5 10. d5 Bd6 11. Bf4 Qc7 12. e4 O-O 13. Re1 Re8 14. Nc6 Nxc6 15. Bxd6
Qxd6 16. dxc6 Qxd1 17. Raxd1 bxc6 18. Rd6 e5 19. Red1 Kf8 20. Rxc6 Rb8 21. Rd2
Rb4 22. Rxc5 Bd7 23. a5 Reb8 24. f3 Rxb2 25. Rxb2 Rxb2 26. Rxc4 Ne8 27. Kf1 Bb5
28. Nxb5 Rxb5 29. Ra4 1/2-1/2

[Event "XL Obert Internacional Ciutat de Badalona-Memorial"]
[Site "Centro Civico La Salut, Av. Marques de Sant Mori s"]
[Date "2014.08.07"]
[Round "6"]
[Board "7"]
[White "Cruz, Jonathan"]
[Black "Vidarte Morales, Arturo"]
[Result "1-0"]
[WhiteElo "2459"]
[BlackElo "2326"]
[PlyCount "115"]
[EventDate "2014.08.02"]
[EventRounds "9"]
[EventCountry "ESP"]

1. c4 e6 2. Nf3 d5 3. e3 Nf6 4. b3 c5 5. Bb2 Be7 6. Be2 Nc6 7. O-O O-O 8. cxd5
exd5 9. d4 Bg4 10. Nbd2 Re8 11. Rc1 cxd4 12. Nxd4 Bd7 13. N2f3 Rc8 14. Nb5 a6
15. Bxf6 axb5 16. Bxe7 Nxe7 17. Qd2 Ra8 18. Nd4 Qa5 19. Qxa5 Rxa5 20. Rc7 Bc6
21. a4 b4 22. Rc1 g6 23. Bb5 Kg7 24. Rxb7 Rxb5 25. Rxe7 Rxe7 26. Nxc6 Rbb7 27.
Nxe7 Rxe7 28. Kf1 Kf6 29. Rc5 Ke5 30. Rb5 Rc7 31. Rxb4 Rc1+ 32. Ke2 Rc2+ 33.
Kf3 Ra2 34. g4 h6 35. Rb5 f5 36. gxf5 gxf5 37. a5 Ra3 38. h3 h5 39. h4 Ra2 40.
b4 Ra3 41. Ke2 Ra2+ 42. Kf3 Ra3 43. Rb6 d4 44. a6 d3 45. Rb5+ Kd6 46. Ra5 Rxa5
47. bxa5 Kc7 48. e4 fxe4+ 49. Ke3 Kb8 50. f4 exf3 51. Kxd3 Ka7 52. Ke3 Kxa6 53.
Kxf3 Kxa5 54. Kf4 Kb6 55. Kg5 Kc6 56. Kxh5 Kd7 57. Kg6 Ke7 58. Kg7 1-0

[Event "XL Obert Internacional Ciutat de Badalona-Memorial"]
[Site "Centro Civico La Salut, Av. Marques de Sant Mori s"]
[Date "2014.08.07"]
[Round "6"]
[Board "8"]
[White "Santos Ruiz, Miguel"]
[Black "Oliva Castaneda, Kevel"]
[Result "0-1"]
[WhiteElo "2306"]
[BlackElo "2446"]
[PlyCount "46"]
[EventDate "2014.08.02"]
[EventRounds "9"]
[EventCountry "ESP"]

1. Nf3 c5 2. c4 Nc6 3. Nc3 g6 4. g3 Bg7 5. Bg2 d6 6. O-O e6 7. a3 Nge7 8. b4
O-O 9. Qb3 b6 10. Bb2 Qd7 11. e3 Bb7 12. Rfd1 e5 13. d4 exd4 14. exd4 Nxd4 15.
Nxd4 Bxg2 16. Kxg2 Bxd4 17. Ne4 Qc7 18. Rxd4 cxd4 19. f3 f5 20. Ng5 d5 21. Re1
Rfe8 22. Rxe7 Rxe7 23. cxd5 Re2+ 0-1

[Event "XL Obert Internacional Ciutat de Badalona-Memorial"]
[Site "Centro Civico La Salut, Av. Marques de Sant Mori s"]
[Date "2014.08.07"]
[Round "6"]
[Board "9"]
[White "Hernando Rodrigo, Julio Antoni"]
[Black "Cruz, Filemon"]
[Result "0-1"]
[WhiteElo "2342"]
[BlackElo "2439"]
[PlyCount "65"]
[EventDate "2014.08.02"]
[EventRounds "9"]
[EventCountry "ESP"]

1. d4 d5 2. Nf3 c6 3. e3 Nf6 4. c4 Bf5 5. Nc3 e6 6. Bd3 Bg6 7. O-O Nbd7 8. Bxg6
hxg6 9. Qd3 Be7 10. e4 dxe4 11. Nxe4 Nxe4 12. Qxe4 Nf6 13. Qc2 Qc7 14. Re1
O-O-O 15. g3 Rh5 16. Bf4 Bd6 17. Bg5 c5 18. Qa4 cxd4 19. c5 Be7 20. Qxa7 Bxc5
21. Qa8+ Kd7 22. Qa4+ Ke7 23. Rac1 Qb6 24. Re5 Qa7 25. Qc4 Bd6 26. Bxf6+ gxf6
27. Rxh5 gxh5 28. Nxd4 Qb6 29. Nb5 Bb8 30. a4 Rd7 31. Qe4 Qa5 32. Rc8 Be5 33.
Kg2 {...} 0-1

[Event "XL Obert Internacional Ciutat de Badalona-Memorial"]
[Site "Centro Civico La Salut, Av. Marques de Sant Mori s"]
[Date "2014.08.07"]
[Round "6"]
[Board "10"]
[White "Dalo, Hermes"]
[Black "Perpinya Rofes, Lluis Maria"]
[Result "0-1"]
[WhiteElo "2221"]
[BlackElo "2391"]
[PlyCount "86"]
[EventDate "2014.08.02"]
[EventRounds "9"]
[EventCountry "ESP"]

1. d4 Nf6 2. c4 g6 3. Nc3 Bg7 4. e4 d6 5. Nf3 O-O 6. h3 Na6 7. Be3 e5 8. d5 Nh5
9. g3 Qe8 10. Be2 Bd7 11. Nh2 Nf6 12. Ng4 Nc5 13. Nxf6+ Bxf6 14. h4 Bg7 15. Qd2
f5 16. f3 a5 17. O-O-O a4 18. Bh6 Bxh6 19. Qxh6 Qe7 20. Rh2 Qg7 21. Qd2 Rae8
22. Rf1 Rf6 23. Bd3 Ref8 24. Rhf2 Qf7 25. Bc2 fxe4 26. Nxe4 Nxe4 27. Bxe4 Bh3
28. Rh1 Bf5 29. Bxf5 Rxf5 30. Rhf1 c6 31. Qd3 cxd5 32. cxd5 a3 33. b3 Rc8+ 34.
Kb1 Rc5 35. Rd1 Qc7 36. Rdf1 Qa5 37. Rd1 Rc3 38. Qd2 Qc5 39. h5 e4 40. hxg6 e3
41. gxh7+ Kh8 42. Qe2 Rxd5 43. Re1 Rd2 0-1

[Event "XL Obert Internacional Ciutat de Badalona-Memorial"]
[Site "Centro Civico La Salut, Av. Marques de Sant Mori s"]
[Date "2014.08.08"]
[Round "7"]
[Board "1"]
[White "Palit, Somak"]
[Black "Grigoryan, Karen H."]
[Result "1/2-1/2"]
[WhiteElo "2397"]
[BlackElo "2595"]
[PlyCount "82"]
[EventDate "2014.08.02"]
[EventRounds "9"]
[EventCountry "ESP"]

1. e4 c5 2. b3 d6 3. Bb2 Nf6 4. Bb5+ Nbd7 5. d3 e6 6. Nd2 Be7 7. f4 O-O 8. Ngf3
Nb6 9. d4 d5 10. e5 Nh5 11. dxc5 Nd7 12. g3 Nxc5 13. Nd4 g6 14. Be2 Ng7 15. O-O
Nf5 16. Rf3 h5 17. Nf1 Ne4 18. Ne3 Bc5 19. c3 Bd7 20. Kg2 Bxd4 21. cxd4 Qa5 22.
Nxf5 exf5 23. a4 Rfc8 24. Kg1 Nc3 25. Bxc3 Rxc3 26. Rxc3 Qxc3 27. Rc1 Qe3+ 28.
Kg2 Rc8 29. Rxc8+ Bxc8 30. Qd3 Qc1 31. Qb5 Be6 32. Qd3 Qe1 33. Qd1 Qc3 34. Qd3
Qb2 35. Kf3 a6 36. h4 Kf8 37. Qd1 Ke7 38. Ke3 Bd7 39. Kd3 a5 40. Qc2 Qxc2+ 41.
Kxc2 b6 1/2-1/2

[Event "XL Obert Internacional Ciutat de Badalona-Memorial"]
[Site "Centro Civico La Salut, Av. Marques de Sant Mori s"]
[Date "2014.08.08"]
[Round "7"]
[Board "2"]
[White "Kohlweyer, Bernd"]
[Black "Cruz, Jonathan"]
[Result "1-0"]
[WhiteElo "2422"]
[BlackElo "2459"]
[PlyCount "169"]
[EventDate "2014.08.02"]
[EventRounds "9"]
[EventCountry "ESP"]

1. d4 Nf6 2. c4 c5 3. Nf3 cxd4 4. Nxd4 b6 5. Nc3 Bb7 6. f3 e6 7. e4 Bc5 8. Nb3
Bb4 9. Be2 O-O 10. O-O Nc6 11. Bg5 Be7 12. Bf4 d6 13. Qd2 Ne5 14. Rfd1 a6 15.
Qe1 Qc7 16. Rac1 d5 17. exd5 Bd6 18. Bg3 Nh5 19. Ne4 Nxg3 20. Qxg3 Qe7 21. Nxd6
Qxd6 22. c5 bxc5 23. dxe6 Qxe6 24. Nxc5 Qe7 25. Nxb7 Ng6 26. Bd3 Qxb7 27. Be4
Qb6+ 28. Qf2 Rab8 29. Qxb6 Rxb6 30. b3 Nf4 31. Rc5 g6 32. g3 Ne6 33. Rc3 Re8
34. Kf2 Re7 35. Rd2 a5 36. Rcc2 Kg7 37. Bd5 Nc7 38. Bc4 Na6 39. Rd4 a4 40. bxa4
Rb4 41. Rcd2 Rxa4 42. Bb3 Rxd4 43. Rxd4 Nc5 44. Rd5 Nxb3 45. axb3 Kf6 46. Rd2
Rb7 47. Rb2 Ke5 48. Ke3 f5 49. b4 Rb5 50. Kd3 Kd5 51. Kc3 Kc6 52. Re2 f4 53. g4
Rd5 54. Kc4 Rd1 55. Re6+ Kd7 56. Re4 Rc1+ 57. Kd5 g5 58. h4 Rc3 59. hxg5 Rxf3
60. Ke5 Ke7 61. Rxf4 Rd3 62. Rf6 Rb3 63. Rb6 Kf7 64. Kd5 Kg7 65. Kc5 Rg3 66.
Rd6 Rxg4 67. Rd5 Kf7 68. b5 Ke6 69. b6 Rg1 70. Kc6 Rb1 71. Rd6+ Kf5 72. Rh6
Rc1+ 73. Kd7 Rd1+ 74. Kc7 Rc1+ 75. Kb8 Kxg5 76. Rxh7 Kf6 77. Rd7 Ke6 78. Rd2
Ke7 79. b7 Rc3 80. Rd4 Ke6 81. Ka7 Ra3+ 82. Kb6 Rb3+ 83. Kc6 Rb1 84. Re4+ Kf6
85. Re8 1-0

[Event "XL Obert Internacional Ciutat de Badalona-Memorial"]
[Site "Centro Civico La Salut, Av. Marques de Sant Mori s"]
[Date "2014.08.08"]
[Round "7"]
[Board "3"]
[White "Martinez Alcantara, Jose Eduardo"]
[Black "Munoz Pantoja, Miguel"]
[Result "1/2-1/2"]
[WhiteElo "2379"]
[BlackElo "2451"]
[PlyCount "63"]
[EventDate "2014.08.02"]
[EventRounds "9"]
[EventCountry "ESP"]

1. c4 c5 2. Nf3 g6 3. d4 Bg7 4. e4 Nc6 5. dxc5 Qa5+ 6. Bd2 Qxc5 7. Nc3 Nf6 8.
Be2 O-O 9. O-O d6 10. h3 Qb6 11. a3 Nd7 12. Rb1 Nde5 13. Be3 Nxf3+ 14. Bxf3 Qd8
15. Qd2 Be6 16. Be2 f5 17. exf5 Bxf5 18. Rbc1 Qa5 19. Bh6 Bxh6 20. Qxh6 Nd4 21.
Qe3 e5 22. Bf3 Nxf3+ 23. Qxf3 Be6 24. Qd3 Rad8 25. Ne4 d5 26. cxd5 Qxd5 27.
Qxd5 Bxd5 28. Rfe1 Bxe4 29. Rxe4 Rd2 30. f3 Rxb2 31. Rxe5 Rf7 32. Re8+ 1/2-1/2

[Event "XL Obert Internacional Ciutat de Badalona-Memorial"]
[Site "Centro Civico La Salut, Av. Marques de Sant Mori s"]
[Date "2014.08.08"]
[Round "7"]
[Board "4"]
[White "Oliva Castaneda, Kevel"]
[Black "Perez Mitjans, Orelvis"]
[Result "1/2-1/2"]
[WhiteElo "2446"]
[BlackElo "2435"]
[PlyCount "176"]
[EventDate "2014.08.02"]
[EventRounds "9"]
[EventCountry "ESP"]

1. Nf3 Nf6 2. c4 g6 3. Nc3 Bg7 4. d4 O-O 5. e4 d6 6. Be2 e5 7. O-O Na6 8. Be3
h6 9. dxe5 Ng4 10. Bd2 Nxe5 11. Qc1 Nxf3+ 12. Bxf3 Kh7 13. Be3 c6 14. Qd2 Be6
15. b3 Qa5 16. Rac1 Rfd8 17. Rfd1 Nc5 18. Ne2 Qxd2 19. Rxd2 Be5 20. Nd4 a5 21.
g3 Re8 22. Bg2 Bc8 23. Re1 Bg7 24. f3 g5 25. Bf2 a4 26. b4 Ne6 27. Ne2 a3 28.
Rb1 Ra4 29. Rxd6 Bb2 30. Be1 c5 31. Nc1 cxb4 32. Nb3 Bc3 33. Bf2 Nd8 34. Bf1
Nc6 35. f4 Ra8 36. Bd3 Kg7 37. Bb6 Bb2 38. Kf2 Re6 39. e5 Re7 40. h4 g4 41. Re1
Ra6 42. Bc5 Re8 43. Be4 Bc3 44. Rb1 Be6 45. Bd3 Raa8 46. Bb6 Ra6 47. Bc5 Raa8
48. Nd4 Nxd4 49. Bxd4 Rec8 50. Bxc3 bxc3 51. Rd4 Ra4 52. f5 Bxc4 53. f6+ Kh8
54. Bf5 c2 55. Rc1 Re8 56. Bxc2 Rb4 57. Rcd1 Kg8 58. Rxg4+ Kh8 59. Rdd4 Rc8 60.
Bf5 Rb2+ 61. Ke3 Be6 62. Bxe6 fxe6 63. Rg7 Rg8 64. Rdd7 Rxg7 65. Rxg7 Rxa2 66.
Rxb7 Kg8 67. Ra7 Ra1 68. Ra8+ Kf7 69. Ra7+ Kf8 70. Kf3 a2 71. Kg2 h5 72. Ra6
Kf7 73. Ra4 Kf8 74. Ra7 Kg8 75. g4 hxg4 76. h5 Re1 77. Rxa2 Rxe5 78. Ra8+ Kf7
79. h6 Rh5 80. h7 Rxh7 81. Ra7+ Kg6 82. Rxh7 Kxh7 83. Kg3 Kh6 84. Kxg4 Kg6 85.
Kf4 Kxf6 86. Ke4 e5 87. Ke3 Ke6 88. Ke4 Kd6 1/2-1/2

[Event "XL Obert Internacional Ciutat de Badalona-Memorial"]
[Site "Centro Civico La Salut, Av. Marques de Sant Mori s"]
[Date "2014.08.08"]
[Round "7"]
[Board "5"]
[White "Cruz, Filemon"]
[Black "Akshat, Khamparia"]
[Result "1/2-1/2"]
[WhiteElo "2439"]
[BlackElo "2362"]
[PlyCount "37"]
[EventDate "2014.08.02"]
[EventRounds "9"]
[EventCountry "ESP"]

1. Nf3 g6 2. d4 Bg7 3. c4 Nf6 4. Nc3 O-O 5. e4 d6 6. Be2 e5 7. O-O exd4 8. Nxd4
Re8 9. f3 c6 10. Kh1 Nh5 11. Be3 f5 12. Qd2 f4 13. Bf2 Be5 14. Rfd1 Na6 15. Qe1
Qf6 16. Rd2 Be6 17. Nb3 c5 18. Rc2 b6 19. Nc1 1/2-1/2

[Event "XL Obert Internacional Ciutat de Badalona-Memorial"]
[Site "Centro Civico La Salut, Av. Marques de Sant Mori s"]
[Date "2014.08.08"]
[Round "7"]
[Board "6"]
[White "Lopez Martinez, Josep Manuel"]
[Black "Lorenzo De La Riva, Lazaro"]
[Result "0-1"]
[WhiteElo "2549"]
[BlackElo "2415"]
[PlyCount "70"]
[EventDate "2014.08.02"]
[EventRounds "9"]
[EventCountry "ESP"]

1. Nf3 c5 2. c4 Nf6 3. d4 cxd4 4. Nxd4 e5 5. Nb5 d5 6. cxd5 Bc5 7. N5c3 O-O 8.
e3 e4 9. h3 Nbd7 10. Nd2 Re8 11. a3 Nb6 12. Bb5 Bd7 13. Be2 Rc8 14. Nc4 Qe7 15.
Nxb6 Bxb6 16. Qb3 Qe5 17. Bd2 Qg5 18. g3 h5 19. a4 Rc5 20. Nb5 Bxb5 21. axb5
Rxd5 22. Bc3 Bxe3 23. Bxf6 Bd2+ 24. Kf1 gxf6 25. Rxa7 e3 26. h4 Qf5 27. f3 Be1
28. Kg2 Bxg3 29. Kxg3 Kh8 30. Ra4 Rd2 31. Ra8 Qg6+ 32. Kh3 Rxa8 33. Qxe3 Rg8
34. Rg1 Rxe2 35. Qf4 Rg2 0-1